Normale Ansicht MARC-Ansicht ISBD

Handbuch einer transnationalen Geschichte Ostmitteleuropas (Titelsatznr. 33039)

[ MARC ]
MARC-Details
000 -Satzkennung
Kontrollfeld mit fester Länge 00713nam a22001931cc4500
001 - Kontrollnummer
Kontrollfeld a987681022+Band1
035 ## - Systemkontrollnummer
System-Kontrollnummer a987681022
008 - Feld mit fester Länge zur physischen Beschreibung - Allgemeine Angaben
Kontrollfeld mit fester Länge 170918s2015 gw |||| 000u ger d
020 ## - Internationale Standardbuchnummer
Internationale Standardbuchnummer 9783525301739
Verknüpfung 978-3-525-30173-9
041 ## - Sprachcode
Sprachcode des Textes/der Tonspur oder des separaten Titels ger
040 ## - Katalogisierungsquelle
Übertragungsstelle RU-10907106
003 - Kontrollnummer Identifier
Kontrollfeld RU-10907106
245 00 - Titel
Titel Handbuch einer transnationalen Geschichte Ostmitteleuropas
Zählung des Teils/der Abteilung eines Werkes Band 1
Titel eines Teils/einer Abteilung eines Werkes Von der Mitte des 19. Jahrhunderts bis zum Ersten Weltkrieg
264 ## - Produktion, Veröffentlichung, Distribution, Herstellung und Urheberrechtsvermerk
Herstellungs-, Veröffentlichungs- Vertriebs-, Erzeugungsort Göttingen :
Produzent, Herausgeber, Distributor, Hersteller Vandenhoeck & Ruprecht,
Datum der Herstellung, der Veröffentlichung, des Vertriebs oder des Urheberschutzvermerks 2015
246 12 - Titelvarianten
Hauptsachtitel/Kurztitel Handbuch einer transnationalen Geschichte Ostmitteleuropas. Von der Mitte des 19. Jahrhunderts bis zum Ersten Weltkrieg
Zählung des Teils/der Abteilung eines Werkes Band 1
300 ## - Physische Beschreibung
Umfang 448 Seiten
773 08 - Übergeordnete Einheit
Datensatzkontrollnummer a987681022
Zählung und erste Seite Band1
942 ## - Zusätzliche Felder (Koha)
Koha-Medientyp Monographien
Exemplare
Ausgeschieden Verloren Klassifikation oder Aufstellungssystematik Beschädigt Nicht entleihbar Heimatbibliothek Aufenthaltsbibliothek Aufstellungsort Erwerbungsdatum Inventarnummer Signatur Barcode Letzte Aktivität Preis gültig von Koha-Medientyp
    Andere/Generische Klassifikation     MWN Osteuropa MWN Osteuropa Lesesaal - 1 18/09/2017 17-04083 W 50 F ac 101 (1) E00401507618FE0A 23/02/2021 22/03/2021 Monographien